000 00533nam a2200169 4500
001 132665
003 ES-MaACL
005 20230906194225.0
007 t|
008 070214s1965 sp r ||||1| spa d
100 1 _aRopars, J.
_999536
245 1 3 _aEl radar en el mar
_b: teoria y empleo /
_cJ. Ropars ; [traducida por José Mª Fernandez Arín].
260 _aMadrid :
_bParaninfo,
_c1965.
300 _aXVI, 245 p. :
_bil. ;
_c21 cm.
700 1 _aFernández Arin, José María.
_949479
852 _aES-MaACL
_jC-28752
_bR.58102
999 _c132665
_d132665